000 00626nam a2200229Ia 4500
003 OSt
005 20220928111052.0
006 a|||||r|||| 00| 0
007 ta
008 220927b |||||||| |||| 00| 0 eng d
024 _a25634
037 _cTextual
040 _aSDCL
_cSDCL
_beng
041 _2eng
_aeng
082 _aO152,3(W)'N, L0
100 _aSingh Brajbhushan
_9421398
245 0 _aHindi ke rajniti upanyaso ka anusheelan.
260 _aAllahabaad
_bRachna Prakashan
_c1970
300 _a575p
_ccm.
942 _hO152,3(W)'N, L0
_cTEXL
_2CC
999 _c737690
_d737690